000 00474nam a2200181Ia 4500
008 090124s9999 xx 000 0 und d
082 _b122759
100 _aनाईक गुरुनाथ
245 _a सुंदरी
250 _a1
260 _c1988
300 _a150
600 _aनाईक गुरुनाथ
630 _a सुंदरी
700 _aनाईक गुरुनाथ
730 _a सुंदरी
942 _cBOOK
999 _c168845
_d168845